'J' Cartoon Characters by Picture Quiz Stats

 Plays Quiz Updated Jul 11, 2016

Challenge
Share
Tweet
Score 0/18 Timer 06:00
12 Plays Today
Column Character % Correct
Column 3Jerry
97%
Column 2Jasmine
95.9%
Column 5Joker
93%
Column 2Jimmy Neutron
83.4%
Column 4Jiminy Cricket
81.3%
Column 3Johnny Bravo
81.3%
Column 2Jessica Rabbit
80.2%
Column 5Jessie
78.7%
Column 5Jane Porter
73.2%
Column Character % Correct
Column 1Judy Jetson
60%
Column 1Joe Swanson
58.7%
Column 1Jack-Jack Parr
58.1%
Column 4James
47.3%
Column 5Jughead
43.3%
Column 3Jeff Fischer
24.9%
Column 4Jumba Jookiba
20.6%
Column 3Jabberjaw
18.1%
Column 2Jaden Yuki
8.2%

You're not logged in!

Compare scores with friends on all Sporcle quizzes.
Join for Free
OR
Log In

You Might Also Like...

Show Comments

Extras

Top Quizzes Today


Score Distribution

Your Account Isn't Verified!

In order to create a playlist on Sporcle, you need to verify the email address you used during registration. Go to your Sporcle Settings to finish the process.

Report this User

Report this user for behavior that violates our Community Guidelines.

Details: